The complete book of baskets and basketry

Bibliographic Details
Main Author: Wright, Dorothy
Format: Book
Published: Devon : David & Charles , 1992
Edition:3rd edition
Subjects:

MARC

LEADER 00000cam a2200000 7i4500
001 0000006364
002 000006872
005 20000330.0
020 |a 0715398563 
090 0 0 |a 746.412   |b WRI 
100 1 |a Wright, Dorothy 
245 1 4 |a The complete book of baskets and basketry   |c Dorothy Wright 
250 |a 3rd edition 
260 |a Devon :   |b David & Charles ,   |c 1992 
300 |a 208p. :   |b ill ;   |c 25cm. 
650 0 0 |a Basket making 
650 0 0 |a Basket work 
999 |a 037976   |b BUKU   |c PINJAMAN   |e PERPUSTAKAAN KOMUNITI PETALING JAYA